banner-ar

MANAGEMENT INFORMATION SYSTEMS : (Record no. 7264)

MARC details
000 -الفاتح
حقل البيانات ثابتة الطول 00693nam a2200217Ia 4500
008 - عناصر البيانات ثابتة الطول - معلومات عامة
حقل البيانات ثابتة الطول 140319s9999 xx 000 0 eng d
020 ## - الرقم الدولى المعيارى للكتب
الرقم الدولى المعيارى للكتاب 0071214984
040 ## - مصدر الفهرسة
وكالة الفهرسة الأصلية GCL /
وكالة النسخ GCL
082 04 - رقم تصنيف ديوى العشرى
رقم التصنيف 658.4038
رقم المادة O M
100 1# - المدخل الرئيسى - إسم شخصى
الإسم الشخصى O'BRIEN, JAMES A
245 10 - بيان العنوان
العنوان MANAGEMENT INFORMATION SYSTEMS :
بقية العنوان MANAGING INFORMATION TECHNOLOGY IN THE BUSINESS ENTERPRISE /
بيان المسئوليه,etc O'BRIEN, JAMES A
260 ## - PUBLICATION, DISTRIBUTION, ETC. (IMPRINT)
تاريخ النشر أو التوزيع 2004
300 ## - الوصف المادى
التعداد 32 CM ؛
أبعاد الوعاء 529 P
650 04 - المدخل الاضافى بالموضوع-مصطلح موضوعى
مصطلح موضوعي MANAGEMENT
650 04 - المدخل الاضافى بالموضوع-مصطلح موضوعى
مصطلح موضوعي DECISION SUPPORT SYSTEMS
650 04 - المدخل الاضافى بالموضوع-مصطلح موضوعى
مصطلح موضوعي INFORMATION RESOURCES MANAGEMENET
650 04 - المدخل الاضافى بالموضوع-مصطلح موضوعى
مصطلح موضوعي ELECTRONIC COMMERCE
650 04 - المدخل الاضافى بالموضوع-مصطلح موضوعى
مصطلح موضوعي INFORMATION TECHNOLOGY - MANAGMENT
942 ## - عناصر المدخل الإضافي( كوها)
مصدر التصنيف او مخطط الترفيف Dewey Decimal Classification
Koha [default] item type كتاب
260 ## - PUBLICATION, DISTRIBUTION, ETC. (IMPRINT)
-- انجلترا :
-- MC GRAW - HILL ،
Holdings
حالة التراجع حالة الفقد حالة تلف ليس للاعارة المكان المؤقت الموقع الحالى تاريخ الاكتساب اجمالي اﻻعارات رقم الطلب الباركود تاريخ اخر مشاهدة تاريخ تفعيل السعر نوع وعاء كوها
        مكتبة القاهرة الكبرى مكتبة القاهرة الكبرى 03/26/2014   658.4038\O M 15033 03/26/2014 03/26/2014 كتاب
        مكتبة القاهرة الكبرى مكتبة القاهرة الكبرى 03/26/2014   658.4038\O M 15034 03/26/2014 03/26/2014 كتاب
        مكتبة القاهرة الكبرى مكتبة القاهرة الكبرى 03/26/2014   658.4038\O M 15035 03/26/2014 03/26/2014 كتاب
        مكتبة القاهرة الكبرى مكتبة القاهرة الكبرى 03/26/2014   658.4038\O M 15036 03/26/2014 03/26/2014 كتاب

Powered By

EGPV